书目信息 |
| 题名: |
电气控制
|
|
| 作者: | 汪明 | |
| 分册: | ||
| 出版信息: | 峨嵋 西南交通大学出版社 2016.04 |
|
| 页数: | 200页 | |
| 开本: | 26cm | |
| 丛书名: | ||
| 单 册: | ||
| 中图分类: | TM921.5 | |
| 科图分类: | ||
| 主题词: | 电力传动 | |
| 电子资源: | ||
| ISBN: | 978-7-5643-0248-1 | |
| 000 | 00578nam0 2200205 450 | |
| 001 | 886 | |
| 005 | 20160912084730.78 | |
| 010 | @a978-7-5643-0248-1@b平装@dCNY22.00 | |
| 100 | @a20160724d2016 km y0chiy0120 ea | |
| 101 | 0 | @achi |
| 102 | @aCN@b510000 | |
| 200 | 1 | @a电气控制@Adian qi kong zhi@f汪明@Fwang ming |
| 210 | @a峨嵋@c西南交通大学出版社@d2016.04 | |
| 215 | @a200页@d26cm | |
| 330 | @a电气控制·高等学校:技术学校·教材 | |
| 606 | 0 | @a电力传动 |
| 690 | @aTM921.5@v4 | |
| 701 | 0 | @a汪明@Awang ming |
| 801 | 0 | @aCN@b唐山师范学院图书馆@c20160724 |
| 905 | @aZUCC@dTM921.5@e129 | |
| 电气控制/汪明.-峨嵋:西南交通大学出版社,2016.04 |
| 200页;26cm |
| ISBN 978-7-5643-0248-1(平装):CNY22.00 |
| 电气控制·高等学校:技术学校·教材 |
| ● |
| 相关链接 |
|
|
|
|
正题名:电气控制
索取号:TM921.5/129
 
预约/预借
| 序号 | 登录号 | 条形码 | 馆藏地/架位号 | 状态 | 备注 |
| 1 | 903953 | 209039538 | 第二样本阅览室/ [索取号:TM921.5/129] | 在馆 | |
| 2 | 903954 | 209039547 | 第三借阅区/ [索取号:TM921.5/129] | 在馆 | |
| 3 | 903955 | 209039556 | 第三借阅区/ [索取号:TM921.5/129] | 在馆 | |
| 4 | 903956 | 209039565 | 第三借阅区/ [索取号:TM921.5/129] | 在馆 | |
| 5 | 903957 | 209039574 | 第三借阅区/ [索取号:TM921.5/129] | 在馆 |